Statistiche per Stati con negozi IKEA

Clicka qui per fare il quiz!

Statistiche generali

  • Questo quiz è stato fatto 6 volte
  • Il punteggio medio è 38 su 58

Statistiche sulle risposte

Numero negoziContinenteNazione% Corretto
12OceaniaAustralia
100%
8EuropaBelgio
100%
37AsiaCina
100%
1EuropaEstonia
100%
36EuropaFrancia
100%
55EuropaGermania
100%
5AsiaIndia
100%
23EuropaItalia
100%
1EuropaLettonia
100%
1EuropaLituania
100%
7EuropaNorvegia
100%
11EuropaPolonia
100%
5EuropaPortogallo
100%
22EuropaRegno Unito
100%
3EuropaRomania
100%
30EuropaSpagna
100%
52America del NordStati Uniti
100%
20EuropaSvezia
100%
6EuropaBulgaria
80%
17America del NordCanada
80%
1EuropaCroazia
80%
5EuropaFinlandia
80%
13AsiaGiappone
80%
2EuropaIrlanda
80%
1EuropaIslanda
80%
1EuropaSerbia
80%
7Asia / EuropaTurchia
80%
1EuropaUcraina
80%
8EuropaAustria
60%
2America del SudCile
60%
1America del SudColombia
60%
6EuropaDanimarca
60%
8EuropaGrecia
60%
2America del NordMessico
60%
13EuropaPaesi Bassi
60%
4EuropaRepubblica Ceca
60%
1EuropaSlovacchia
60%
1EuropaSlovenia
60%
9EuropaSvizzera
60%
4AsiaArabia Saudita
40%
1AsiaBahrein
40%
4AsiaEmirati Arabi Uniti
40%
7AsiaIndonesia
40%
3AsiaKuwait
40%
3AfricaMarocco
40%
1AsiaQatar
40%
4AsiaThailandia
40%
1AsiaCipro
20%
4AsiaCorea del Sud
20%
3AfricaEgitto
20%
7AsiaIsraele
20%
4AsiaMalaysia
20%
1AsiaOman
20%
4America del NordRepubblica Dominicana
20%
3AsiaSingapore
20%
3EuropaUngheria
20%
1AsiaFilippine
0%
1AsiaGiordania
0%

Distribuzione punteggi

Percentile per numero di risposta

Percentuale di utenti per punteggio

I tuoi punteggi nel tempo

Non hai fatto questo quiz